000 00947cam a2200253 a 4500
999 _c330088
_d330088
001 708386
003 NUST
005 20170608100413.0
008 970602s1997 nyu b 001 0 eng
010 _a 97017808
020 _a9780801484575
040 _aDLC
_cDLC
_dDLC
050 0 0 _aJA71
_b.V3 1997
082 0 0 _a320
_221
_bVAN 1997
100 1 _aVan Evera, Stephen.
_92194
245 1 0 _aGuide to methods for students of political science /
_cStephen Van Evera.
260 _aIthaca :
_bCornell University Press,
_c1997.
300 _avi, 136 p. ;
_c21 cm.
504 _aIncludes bibliographical references (p. [129]-133) and index.
650 0 _aPolitical science
_xMethodology.
_92195
906 _a7
_bcbc
_corignew
_d1
_eocip
_f19
_gy-gencatlg
942 _2ddc
_cBK